<?xml version="1.0" encoding="UTF-8"?><?xml-stylesheet type="text/xsl" href="static/style.xsl"?><OAI-PMH xmlns="http://www.openarchives.org/OAI/2.0/" xmlns:xsi="http://www.w3.org/2001/XMLSchema-instance" xsi:schemaLocation="http://www.openarchives.org/OAI/2.0/ http://www.openarchives.org/OAI/2.0/OAI-PMH.xsd"><responseDate>2026-04-13T01:15:18Z</responseDate><request verb="GetRecord" identifier="oai:www.recercat.cat:10230/11310" metadataPrefix="marc">https://recercat.cat/oai/request</request><GetRecord><record><header><identifier>oai:recercat.cat:10230/11310</identifier><datestamp>2025-12-25T19:59:35Z</datestamp><setSpec>com_2072_6</setSpec><setSpec>col_2072_452954</setSpec></header><metadata><record xmlns="http://www.loc.gov/MARC21/slim" xmlns:dcterms="http://purl.org/dc/terms/" xmlns:xsi="http://www.w3.org/2001/XMLSchema-instance" xmlns:doc="http://www.lyncode.com/xoai" xsi:schemaLocation="http://www.loc.gov/MARC21/slim http://www.loc.gov/standards/marcxml/schema/MARC21slim.xsd">
   <leader>00925njm 22002777a 4500</leader>
   <datafield ind2=" " ind1=" " tag="042">
      <subfield code="a">dc</subfield>
   </datafield>
   <datafield ind2=" " ind1=" " tag="720">
      <subfield code="a">Tristán-Jiménez, Larissa</subfield>
      <subfield code="e">author</subfield>
   </datafield>
   <datafield ind2=" " ind1=" " tag="260">
      <subfield code="c">2012-07-11T01:54:35Z</subfield>
   </datafield>
   <datafield ind2=" " ind1=" " tag="260">
      <subfield code="c">2012-07-11T01:54:35Z</subfield>
   </datafield>
   <datafield ind2=" " ind1=" " tag="260">
      <subfield code="c">2011-01-11</subfield>
   </datafield>
   <datafield ind2=" " ind1=" " tag="260">
      <subfield code="c">2012-07-10T07:27:35Z</subfield>
   </datafield>
   <datafield ind2=" " ind1=" " tag="520">
      <subfield code="a">En el contexto de la Sociedad red (Castells: 2007) los medios constituyen referentesfacultados para reproducir discursos socialmente legitimados. La inseguridad ciudadana y el temor hacia el otro son algunos de los tópicos recurrentes de estos discursos. Esto puede contribuir con laestigmatización de ciertos grupos y los barrios urbanos en los que habitan.Este trabajo analiza el discurso periodístico sobre el Raval de Barcelona con el fin de determinar cuáles son las estrategias que emplean los diarios de referencia para describir al barriodurante un periodo específico de crisis económica (2010).La investigación se fundamenta en la premisa teórica de que los discursos mediáticosinfluyen en las percepciones que tienen los receptores acerca de los otros y de su entorno. La investigación se articula a partir de tres ejes de análisis: el estudio de la relación entre el contexto yel medio de comunicación, el análisis crítico del discurso periodístico y la recepción de este discurso.</subfield>
   </datafield>
   <datafield tag="653" ind2=" " ind1=" ">
      <subfield code="a">Raval (Barcelona : Barri)</subfield>
   </datafield>
   <datafield tag="653" ind2=" " ind1=" ">
      <subfield code="a">Anàlisi del discurs</subfield>
   </datafield>
   <datafield tag="653" ind2=" " ind1=" ">
      <subfield code="a">Comunicació intercultural</subfield>
   </datafield>
   <datafield tag="653" ind2=" " ind1=" ">
      <subfield code="a">Crisis econòmiques -- 2008-</subfield>
   </datafield>
   <datafield tag="653" ind2=" " ind1=" ">
      <subfield code="a">Diaris -- Catalunya</subfield>
   </datafield>
   <datafield ind2="0" ind1="0" tag="245">
      <subfield code="a">La representación del barrio del Raval de Barcelona en la prensa escrita catalana: análisis del discurso periodístico durante la crisis económica del 2010</subfield>
   </datafield>
</record></metadata></record></GetRecord></OAI-PMH>